Normal view MARC view

Entry Personal Name

Number of records used in: 1

001 - CONTROL NUMBER

  • control field: 17420

003 - CONTROL NUMBER IDENTIFIER

  • control field: OSt

005 - DATE AND TIME OF LATEST TRANSACTION

  • control field: 20260107034855.0

008 - FIXED-LENGTH DATA ELEMENTS

  • fixed length control field: 260107|| aca||aabn | a|a d

040 ## - CATALOGING SOURCE

  • Original cataloging agency: OSt
  • Transcribing agency: OSt

100 ## - HEADING--PERSONAL NAME

  • Personal name: Gutierrez, Hannah Rei M., author

670 ## - SOURCE DATA FOUND

  • Source citation: Work cat.: (OSt): Plant monitoring system for Cavite State University - CCAT Campus /, 2022.